IFM Opac

On the problem in the value of gold (Record no. 14940)

MARC details
000 -LEADER
fixed length control field 00267nam a22001097a 4500
082 ## - DEWEY DECIMAL CLASSIFICATION NUMBER
Classification number 332.4222 CHE
100 ## - MAIN ENTRY--PERSONAL NAME
Personal name Chevalier, Michael
245 ## - TITLE STATEMENT
Title On the problem in the value of gold
260 ## - PUBLICATION, DISTRIBUTION, ETC.
Place of publication, distribution, etc. London
Name of publisher, distributor, etc. Greenwood press,
Date of publication, distribution, etc. 1968
300 ## - PHYSICAL DESCRIPTION
Extent 211p.
Other physical details 21cm.
942 ## - ADDED ENTRY ELEMENTS (KOHA)
Koha item type Books
Holdings
Withdrawn status Lost status Damaged status Not for loan Home library Current library Date acquired Total Checkouts Full call number Barcode Date last seen Price effective from Koha item type
        IFM Main Campus Library IFM Main Campus Library 01/25/2016   332.4222 CHE 0000010051 01/25/2016 01/25/2016 Books